La acusación de la Corte Suprema ante el Senado: discursos de los acusadores i defensores de los jueces acusados. Sentencia del Senado
Saved in:
| Format: | Bog |
|---|---|
| Sprog: | spansk |
| Udgivet: |
Santiago
Imprenta del Ferrocarril
1869
|
| Fag: | |
| Tags: |
Tilføj Tag
Ingen Tags, Vær først til at tagge denne postø!
|
MARC
| LEADER | 00000cam a2200000 a 4500 | ||
|---|---|---|---|
| 001 | UCD5401 | ||
| 003 | CL-VaPUC | ||
| 008 | 160908e18690000cl |||||||||||||||||spa|d | ||
| 082 | 0 | 4 | |a 347.077 |b ACU |2 21 |
| 245 | 1 | 3 | |a La acusación de la Corte Suprema ante el Senado: discursos de los acusadores i defensores de los jueces acusados. Sentencia del Senado |
| 300 | |a 175 p | ||
| 942 | |c BK | ||
| 945 | |d 20160908 17:07:00 |a cmena | ||
| 260 | |a Santiago |b Imprenta del Ferrocarril |c 1869 | ||
| 650 | 7 | |a SENTENCIAS JUDICIALES |2 CL-VaPUC |9 383421 | |
| 650 | 0 | |a Sentencias |9 256250 | |
| 650 | 0 | |a Discursos |9 265028 | |
| 650 | 7 | |a CAMARA DE SENADORES |2 CL-VaPUC |9 405979 | |
| 583 | |a last modification |c 20160908 17:07:00 |k Rodrigo Vera | ||
| 999 | |c 366068 |d 366066 | ||
| 952 | |0 0 |1 0 |3 erb |4 0 |6 347_077000000000000_ACU_1869 |7 0 |8 X |9 480096 |a FDOBUD |b FDOBUD |i 1076299 |o 347.077 ACU 1869 |p 1076299 |r 2019-11-24 |w 2019-11-24 |y BK_X |z Catalogado en:20160908 |k BUD | ||